000 00481nam a2200181Ia 4500
001 21523
005 20260306172925.0
008 260306t2013||||xx |||||||||||||| ||spa||
041 _aESP
082 _a692.5
_bP668
100 _aPotts, Keith
_eAUT
245 0 _aConstruction cost management, learning from case studies:
_blearning from case studies
260 _c2013
300 _axix, 367 páginas :
_c25 cm.
650 _aGEN
654 _aCIC
942 _cLIB
_dJUS
_fJUS
_2ddc
_n
999 _c21523
_d21523